Nové poznatky v imunologické klasifikaci maligních lymfomů

Bibliographic Details
Main Authors: Koubek, Kristián (Author), Starý, Jan, 1952- (Author)
Format: Article
Language:Slovak
Czech
PhysicalDescription:Obr. 1, tab. 3, res. angl., čes., lit. 39 zázn. v angl., češ.
ISSN:0042-773X
Subjects:

MARC

LEADER 00000nab a2200000 a 4500
001 vtls000517467
003 SK-MaSNL
005 20260304094902.0
008 250425c1994 xo 0 slo
015 |a SNBRB19rr/mm-uuuuu 
035 |a CL0517605 
035 |a urn:nbn:sk:snk-abalte 
035 |a (urnnbn)urn:nbn:sk:snk:ar-a0a1ag 
035 |a (uuid)815b50e5-9e19-4614-a77e-cb43d46f7788 
040 |a SNKBUCL  |b slo  |c SNKBUCL  |e AACR2 
041 0 |a cze 
044 |a xo  |c SK 
080 |a 616.42-006.44:616-097  |2 1981 
080 |a 616-097  |2 1981 
100 1 |a Koubek, Kristián  |4 aut  |9 11751 
245 1 0 |a Nové poznatky v imunologické klasifikaci maligních lymfomů  |c Kristián Koubek, J. Starý 
300 |b Obr. 1, tab. 3, res. angl., čes., lit. 39 zázn. v angl., češ. 
650 0 7 |a malígne lymfómy  |2 snkbucl  |9 1197157 
655 7 |a články z novín a časopisov  |2 snkbucl  |9 267496 
700 1 |a Starý, Jan,  |d 1952-  |4 aut  |9 93844 
773 0 |t Vnitřní lékařství  |g Roč. 40, č. 2 (1994), s. 130-139  |x 0042-773X 
850 |a Slovenská národná knižnica 
852 |a Slovenská národná knižnica 
954 |a odborná, vedecká literatúra cudzojazyčná (svetová)  |2 lita 
958 |a article14 
958 |a NB 
958 |a RK 
958 |a MI 
958 |a OND 
958 |a EUIPO 
992 |a RBX 
999 |c 2829478  |d 2831408